000 01881nam a22003137a 4500
005 20090319110220.0
008 090212t xxu||||| |||| 00| 0 eng d
010 _aTEL-5048
020 _c50.00
_a8182940397
035 _aTL-4054
037 _bDBAD / PUB
040 _adpl
_bTelugu
082 _a923.25479
100 _aలక్ష్మీప్రసాద్, యార్లగడ్డ
245 _aఅట్టడుగు నుంచి అగ్రస్థానం వరకు...
_c/ యార్లగడ్డ లక్ష్మీప్రసాద్
_b:సుశీల్ కుమార్ షిండే జీవితం
246 _aAttadugu nunchi agrasthanam varaku: Susheel Kumar Shinde jeevitham
_bYarlagadda Lakshmi Prasad
260 _aవిజయవాడ
_bఅలకనంద ప్రచురణలు
_c2008
270 _a59-6-15, కంచుకోట వీధి, మేరిస్ స్టెల్లా కాలేజి ఎదురుగా,
_bవిజయవాడ
_e520 008
300 _a65పే.
_c23 సె.మీ.
520 _aBiography of Suśīl kumār Śhinde
_b1941, politician from Maharashtra, India
600 _aషిండే, సుశీల్ కుమార్, 1941-
600 _aShinde, Susil Kumar, 1941-
650 _aరాజకీయ వేత్తలు
_vజీవిత చరిత్ర
_zభారతదేశం
_zమహారాష్ట్ర
650 _aPoliticians
_vBiography
_zIndia
_zMaharashtra
651 _aమహారాష్ట్ర (భారతదేశం)
_vజీవిత చరిత్ర
651 _aMaharashtra (India)
_vBiography
942 _2ddc
_cTL
_h923.25479
_m/ LAX
999 _c25408
_d25408